Závislosť obyvateľstva SR od peňažných prostriedkov a stabilnej kúpnej sily v súvislosti s vývojom v oblasti potravinovej bezpečnosti štátu
Súčasná situácia v Slovenskej republike v domácich potravinárskych výrobkoch a poľnohospodárstve. Klesajúci trend v poľnohospodárskej a živočíšnej produkcii. Dominancia priemyslu. Súvislosť hospodárskeho smerovania štátu s výberom odborných škôl. Absolventi odborného školstva v SR v poslednom období...
Salvato in:
| Autore principale: | |
|---|---|
| Natura: | Capitolo di libro |
| Lingua: | slovacco |
| Soggetti: | |
| Tags: |
Nessun Tag, puoi essere il primo ad aggiungerne!!
|
MARC
| LEADER | 00000nla a2200000 4500 | ||
|---|---|---|---|
| 001 | 0181295 | ||
| 005 | 20240502083427.4 | ||
| 041 | 0 | |a slo | |
| 044 | |a CZ | ||
| 245 | 1 | 0 | |a Závislosť obyvateľstva SR od peňažných prostriedkov a stabilnej kúpnej sily v súvislosti s vývojom v oblasti potravinovej bezpečnosti štátu |c Hana Poláčková |
| 520 | |a Súčasná situácia v Slovenskej republike v domácich potravinárskych výrobkoch a poľnohospodárstve. Klesajúci trend v poľnohospodárskej a živočíšnej produkcii. Dominancia priemyslu. Súvislosť hospodárskeho smerovania štátu s výberom odborných škôl. Absolventi odborného školstva v SR v poslednom období. Peňažné a naturálne príjmy slovenských domácností. | ||
| 610 | 2 | 0 | |a bezpečnosť potravinová |
| 610 | 2 | 0 | |a poľnohospodárstvo |
| 610 | 2 | 0 | |a výroba živočíšna |
| 610 | 2 | 0 | |a príjmy obyvateľstva |
| 610 | 2 | 0 | |a sila kúpna obyvateľstva |
| 610 | 2 | 0 | |a školy odborné |
| 610 | 2 | 0 | |a Slovensko |
| 100 | 1 | |a Poláčková, Hana, 1968- | |